Sélection et analyse de phraséologismes français : (vysokoškolské učebné texty)

Podrobná bibliografia
Hlavný autor: Michelčíková, Lenka (Autor)
Médium: Kniha
Jazyk:francúzština
PhysicalDescription:77 s. 21 cm
Vydavateľské údaje: Nitra Univerzita Konštantína Filozofa, Filozofická fakulta 2016
ISBN:9788055810737
Vydanie:1. vyd.
Predmet:

MARC

LEADER 00000nam a2200000 a 4500
001 vtls011622920
003 SK-MaSNL
005 20260302052928.0
008 240318s2016 xo e np 000 0 fre
015 |a SNBA2017/04 
020 |a 9788055810737  |q (brož.) 
035 |a urn:nbn:sk:snk-am00cwqr 
035 |a urn:nbn:sk:snk-am3hmyz 
035 |a 1ED9142F-D88D-4172-8ABA-092F2D251E1D 
040 |a SNK  |b slo  |c SNK  |e AACR2 
041 0 |a fre 
044 |a xo  |c SK 
072 7 |a 811.133.1  |x Francúzština  |2 konspekt 
080 |a 811.133.1  |2 2011 
080 |a (075.8)  |2 2011 
080 |a 81`373.7  |2 2011 
100 1 |a Michelčíková, Lenka  |4 aut  |9 334258 
245 1 0 |a Sélection et analyse de phraséologismes français : (vysokoškolské učebné texty)  |c Lenka Michelčíková 
250 |a 1. vyd. 
260 |a Nitra  |b Univerzita Konštantína Filozofa, Filozofická fakulta  |c 2016 
300 |a 77 s.  |c 21 cm 
366 |e 100 výtlačkov 
504 |a Bibliografia na strane 77 
650 0 7 |a francúzština  |2 SNKPH  |9 1355 
650 0 7 |a French language  |2 SNKPHeng  |9 277849 
650 0 7 |a frazeológia  |2 SNKPH  |9 1507 
650 0 7 |a Phraseology  |2 SNKPHeng  |9 283772 
655 7 |a učebnice vysokých škôl  |2 SNKPH  |9 70191 
655 7 |a Textbooks (higher)  |2 SNKPHeng  |9 276436 
919 |a 978-80-558-1073-7 
958 |a NB 
999 |c 1107313  |d 1109243 
952 |a SNK  |b SNK  |y PREZ  |7 0  |p 17A1255480  |o snkSC 174076  |i snk2017/8517  |8 0  |0 0  |1 0  |4 0  |d 2017-04-10  |f 1  |l 0  |r 2025-09-16 00:00:00  |w 2026-02-24 
952 |a SNK  |b SNK  |y VYP  |7 0  |p 17A1255481  |o snkSC 174076 D1  |i snk2017/8520  |8 0  |0 0  |1 0  |4 0  |d 2017-04-10  |l 0  |r 2026-02-24 17:50:00  |w 2026-02-24